Catálogo - Centro de Recursos para el Aprendizaje y la Investigación

Volver al Sitio - CRAI Biblioteca

Nolte's the human brain : (Registro nro. 114560)

Detalles MARC
000 -CABECERA
campo de control de longitud fija 02040nam a22002774 4500
001 - NÚMERO DE CONTROL
campo de control 114556
003 - IDENTIFICADOR DEL NÚMERO DE CONTROL
campo de control DR-UNIBE
005 - FECHA Y HORA DE LA ÚLTIMA TRANSACCIÓN
campo de control 20260409124733.0
007 - CAMPO FIJO DE DESCRIPCIÓN FÍSICA--INFORMACIÓN GENERAL
campo de control de longitud fija cr nn 008mamaa
008 - DATOS DE LONGITUD FIJA--INFORMACIÓN GENERAL
campo de control de longitud fija 260409b2025 xxu|||||s|||| 00| 0 eng d
020 ## - NÚMERO INTERNACIONAL ESTÁNDAR DEL LIBRO
Número Internacional Estándar del Libro 9780443126864 (electrónico)
040 ## - FUENTE DE LA CATALOGACIÓN
Centro catalogador/agencia de origen BIBLIOTECA UNIBE
Centro/agencia transcriptor BIBLIOTECA UNIBE
Normas de descripción rda
041 ## - CÓDIGO DE LENGUA
Código de lengua del texto/banda sonora o título independiente eng
100 ## - ENTRADA PRINCIPAL--NOMBRE DE PERSONA
Nombre de persona Vanderah, Todd W
9 (RLIN) 196400
Término indicativo de función/relación autor
245 10 - MENCIÓN DE TÍTULO
Título Nolte's the human brain :
Resto del título an introduction to its functional anatomy
250 ## - MENCIÓN DE EDICIÓN
Mención de edición Novena edición
260 ## - PUBLICACIÓN, DISTRIBUCIÓN, ETC.
Lugar de publicación, distribución, etc. Philadelphia :
Nombre del editor, distribuidor, etc. Elsevier,
Fecha de publicación, distribución, etc. 2025
300 ## - DESCRIPCIÓN FÍSICA
Extensión xv, 829 páginas :
Otras características físicas ilustraciones
500 ## - NOTA GENERAL
Nota general Recurso en línea:<br/>Disponible para miembros de UNIBE a través del portal web del CRAI: https://www.unibe.edu.do/biblioteca/libros-electronicos/
505 ## - NOTA DE CONTENIDO CON FORMATO
Nota de contenido con formato 1. Introduction to the nervous system |<br/>2. Development of the nervous system |<br/>3. Gross anatomy and general organization of the central nervous system |<br/>4. Meningeal coverings of the brain and spinal cord |<br/>5. Ventricles and cerebrospinal fluid |<br/>6. Blood supply of the brain |<br/>7. Electrical signaling by neurons |<br/>8. Synaptic transmission between neurons |<br/>9. Sensory receptors and the peripheral nervous system |<br/>10. Spinal cord |<br/>11. Organization of the brainstem |<br/>12. Cranial nerves and their nuclei |<br/>13. The chemical senses of taste and smell |<br/>14. Hearing and balance: the eighth cranial nerve |<br/>15. Atlas of the human brainstem |<br/>16. The thalamus and internal capsule: getting to and from the cerebral cortex |<br/>17. The visual system |<br/>18. Overview of motor systems |<br/>19. Basal nuclei |<br/>20. Cerebellum |<br/>21. Eye movements |<br/>22. Cerebral cortex |<br/>23. Drives and emotions: the hypothalamus and limbic system |<br/>24. Formation, modification, and repair of neuronal connections |<br/>25. Atlas of the human forebrain |<br/><br/><br/>
650 #7 - PUNTO DE ACCESO ADICIONAL DE MATERIA--TÉRMINO DE MATERIA
Término de materia o nombre geográfico como elemento de entrada Pediatría
Fuente del encabezamiento o término lemb
650 #7 - PUNTO DE ACCESO ADICIONAL DE MATERIA--TÉRMINO DE MATERIA
Término de materia o nombre geográfico como elemento de entrada Medicina
Fuente del encabezamiento o término lemb
9 (RLIN) 190212
655 #4 - TÉRMINO DE INDIZACIÓN--GÉNERO/FORMA
Datos o término principal de género/forma Recurso electrónico
9 (RLIN) 42681
856 ## - LOCALIZACIÓN Y ACCESO ELECTRÓNICOS
Identificador Uniforme del Recurso <a href="https://www.clinicalkey.com/student/content/toc/3-s2.0-C20190012800">https://www.clinicalkey.com/student/content/toc/3-s2.0-C20190012800</a>
942 ## - ELEMENTOS DE PUNTO DE ACCESO ADICIONAL (KOHA)
Fuente del sistema de clasificación o colocación Sistema de Clasificación Decimal Dewey
Tipo de ítem Koha e-Libro (en línea)
Existencias
Estado de retiro Estado de pérdida Fuente del sistema de clasificación o colocación No para préstamo Código de colección Localización permanente Fecha de adquisición Total de préstamos Código de barras Fecha visto por última vez Número de copia Precio válido a partir de Tipo de ítem Koha
  Disponible Sistema de Clasificación Decimal Dewey   e-Libro de Texto (en línea) Biblioteca Central UNIBE 09/04/2026   EB0537 09/04/2026 copias ilimitadas 09/04/2026 e-Libro (en línea)